Comparative analysis of cassiicolin structure and production in various strains of Corynespora cassiicola (Record no. 55908)

MARC details
000 -LEADER
fixed length control field 00656nam a2200193Ia 4500
100 ## - MAIN ENTRY--AUTHOR NAME
Personal name Bourre Yanice
245 #0 - TITLE STATEMENT
Title Comparative analysis of cassiicolin structure and production in various strains of Corynespora cassiicola
260 ## - PUBLICATION, DISTRIBUTION, ETC. (IMPRINT)
Name of publisher IRRDB Natural Rubber Conference 2008, 13-15 October 2008, Kuala Lumpur, Malaysia: Abstract of papers
500 ## - GENERAL NOTE
General note Source Year: 2008
650 ## - SUBJECT ADDED ENTRY--TOPICAL TERM
Topical Term Cassiicolin
650 ## - SUBJECT ADDED ENTRY--TOPICAL TERM
Topical Term Corynespora cassiicola
700 ## - ADDED ENTRY--PERSONAL NAME
Personal name Bieysse Daniel
700 ## - ADDED ENTRY--PERSONAL NAME
Personal name Lamotte Frederic de
700 ## - ADDED ENTRY--PERSONAL NAME
Personal name Poncet Joel
700 ## - ADDED ENTRY--PERSONAL NAME
Personal name Pujade-Renaud Valerie
856 ## - ELECTRONIC LOCATION AND ACCESS
Uniform Resource Identifier Abst only
942 ## - ADDED ENTRY ELEMENTS (KOHA)
Koha item type Journals
Holdings
Withdrawn status Lost status Damaged status Not for loan Home library Current library Shelving location Date acquired Koha item type
      Journals RRII Library RRII Library Plant pathology 28/01/2009 Journals